[Event "Las Americas op U1800 Hybrid"]
[Site "Internet"]
[Date "2022.06.04"]
[Round "5.17"]
[White "Castro Ovalle, Diego Adrian"]
[Black "Perez Valero, Rodrigo Gael"]
[Result "1/2-1/2"]
[WhiteElo "1497"]
[BlackElo "1624"]
[PlyCount "113"]
[EventDate "2022.06.04"]
[EventType "swiss"]
[EventRounds "6"]
[EventCountry "VEN"]
[SourceTitle "EXT 2024"]
[Source "ChessBase"]
[SourceDate "2023.10.10"]
[SourceVersion "1"]
[SourceVersionDate "2023.10.10"]
[SourceQuality "1"]

1. Nf3 c6 2. c4 d5 3. b3 Bf5 4. Bb2 e6 5. g3 Nf6 6. Bg2 Nbd7 7. 0-0 Bd6 8. d4 0-0 9. Nbd2 Re8 10. Ne5 Bxe5 11. dxe5 Ng4 12. e4 dxe4 13. Nxe4 Bxe4 14. Bxe4 Ngxe5 15. Bxe5 Nxe5 16. Bxh7+ Kxh7 17. Qh5+ Kg8 18. Qxe5 Qe7 19. Rfd1 Red8 20. Kg2 a5 21. Rxd8+ Qxd8 22. Qc5 a4 23. bxa4 Rxa4 24. Rb1 Ra5 25. Qe3 Qc7 26. Qb3 b5 27. cxb5 Rxb5 28. Qd3 Rd5 29. Qf3 Rf5 30. Qd3 c5 31. Qe4 Rd5 32. a4 Qa7 33. Qf4 Rd8 34. Rb5 Rc8 35. Qc4 Qc7 36. a5 Qd6 37. Qe4 c4 38. Qb7 Qc7 39. Qxc7 Rxc7 40. a6 Ra7 41. Rc5 Rxa6 42. Rxc4 Kf8 43. h4 Ke7 44. Rc7+ Kf6 45. Rc5 g6 46. f4 Ra2+ 47. Kh3 Ra3 48. Kg4 Rd3 49. h5 gxh5+ 50. Rxh5 Kg6 51. Rg5+ Kf6 52. Rc5 Rd1 53. Rc3 Kg6 54. Kf3 f5 55. Re3 Kf6 56. Re2 Rd3+ 57. Re3 1/2-1/2

[Event "Las Americas op U1800 Hybrid"]
[Site "Internet"]
[Date "2022.06.04"]
[Round "4.18"]
[White "Olivares Borjas, Rodolfo"]
[Black "Castro Ovalle, Diego Adrian"]
[Result "1/2-1/2"]
[WhiteElo "1605"]
[BlackElo "1497"]
[PlyCount "109"]
[EventDate "2022.06.04"]
[EventType "swiss"]
[EventRounds "6"]
[EventCountry "VEN"]
[SourceTitle "EXT 2024"]
[Source "ChessBase"]
[SourceDate "2023.10.10"]
[SourceVersion "1"]
[SourceVersionDate "2023.10.10"]
[SourceQuality "1"]

1. e4 d6 2. Nc3 Nf6 3. d4 g6 4. Bg5 Bg7 5. e5 Nfd7 6. exd6 cxd6 7. Qd2 Nf6 8. 0-0-0 0-0 9. Bh6 Qa5 10. Bxg7 Kxg7 11. f3 Nd5 12. Nge2 Nd7 13. Nxd5 Qxd5 14. Nc3 Qa5 15. h4 h5 16. g4 Nf6 17. Be2 Bd7 18. Rdg1 Rh8 19. d5 Qc5 20. Ne4 Nxe4 21. fxe4 hxg4 22. Bxg4 Bxg4 23. Rxg4 Rh5 24. Rf1 Rf8 25. Qf4 Qd4 26. Rg5 Rxg5 27. hxg5 Qe5 28. Qxe5+ dxe5 29. Rh1 f6 30. gxf6+ Rxf6 31. Kd2 Rf2+ 32. Kd3 g5 33. b3 Kg6 34. a4 g4 35. Rh8 Rf6 36. Ke3 Rf3+ 37. Ke2 Rf6 38. Rg8+ Kh5 39. Rg7 Kh4 40. Rh7+ Kg3 41. Rxe7 Kf4 42. Re6 Rf8 43. Rg6 Kxe4 44. Rxg4+ Kxd5 45. Rg7 Rb8 46. Ke3 a6 47. Rd7+ Kc6 48. Re7 Kd6 49. Rh7 Kd5 50. c4+ Kc5 51. Ke4 Kb4 52. Rh3 b5 53. cxb5 axb5 54. Kxe5 bxa4 55. bxa4 1/2-1/2